| 000 | 01822cam a22005174i 4500 | ||
|---|---|---|---|
| 003 | PE-LiUPU | ||
| 005 | 20250731165556.0 | ||
| 008 | 150625s2003 tnu r 000 0 spa d | ||
| 020 | _a0805428291 | ||
| 020 | _a9780805428292 | ||
| 035 | _a(Sirsi) i9780805428292 | ||
| 040 |
_aPE-LiUPU _bspa _cPE-LiUPU _erda |
||
| 049 | _aPRUA | ||
| 082 | 0 | 4 |
_a220.3 _bC27 _221 |
| 100 | 1 |
_aCarpenter, Eugene E., _eautor. |
|
| 245 | 1 | 0 |
_aGlosario holman de términos bíblicos / _cEugene E. Carpenter y Philip W. Comfort. |
| 264 | 1 |
_aNashville, TN : _bBroadman & Holman Publishers, _c2003. |
|
| 300 |
_a439 páginas ; _c23 centímetros |
||
| 336 |
_atext _2rdacontent |
||
| 337 |
_aunmediated _2rdamedia |
||
| 338 |
_avolume _2rdacarrier |
||
| 505 | 0 | _aDicionario N.T. (A-V)-- Diccionario A.T. (A-Y). | |
| 526 | _aSEG44 | ||
| 526 | _aSEG26 | ||
| 526 | _aP151 | ||
| 526 | _aP150 | ||
| 526 | _aP149 | ||
| 526 | _aP146 | ||
| 526 | _aP145 | ||
| 526 | _aP126 | ||
| 526 | _aP125 | ||
| 526 | _aP92 | ||
| 526 | _aP75 | ||
| 526 | _aP74 | ||
| 526 | _aP27 | ||
| 526 | _aP15 | ||
| 541 | _g001-0014464; | ||
| 630 |
_aBiblia _vDiccionarios. _95969 |
||
| 700 | 1 |
_aComfort, Philip W., _eautor. |
|
| 910 |
_adbm _bncf _cncf _d20190604 |
||
| 942 |
_2ddc _cBOOK |
||
| 949 |
_aRC 220.3 C27 _wDEWEY _c1 _i55525 _lCCODEBUL1 _mBUL _r0 _sY _tBOOK _u2015-6-25 _xTEOLOGIA _zUNKNOWN _0COMPRA _o.CIRCNOTE. No olvidar cambiar la fecha de devolución!!!!!!! _o.STAFF. Colección General |
||
| 994 |
_aC0 _bPEPRU |
||
| 596 | _a1 | ||
| 999 |
_aRC 220.3 C27 _wDEWEY _c44403 _i55525 _d44403 _f2021-11-9 _g7 _lCCODEBUL1 _mBUL _p100.00 _q1 _r0 _sY _tBOOK _u2015-6-25 _xTEOLOGIA _PP35 _0COMPRA _o.CIRCNOTE. No olvidar cambiar la fecha de devolución!!!!!!! _o.STAFF. Colección Teología |
||
| 980 |
_81 _gALBERTO SANCHEZ Responsable de Automatización |
||